Relatos desde la mesa compartida. Aproximación bíblica y catequética a la Eucaristía
Saved in:
| Hovedforfatter: | |
|---|---|
| Format: | Bog |
| Sprog: | spansk |
| Udgivet: |
Cuernavaca, México
Obra Nacional de la Buena Prensa A.C
2018
|
| Serier: | Colección Dolores Aleixandre
|
| Fag: | |
| Tags: |
Tilføj Tag
Ingen Tags, Vær først til at tagge denne postø!
|
MARC
| LEADER | 00000cam a2200000 a 4500 | ||
|---|---|---|---|
| 001 | UCC8284 | ||
| 003 | CL-VaPUC | ||
| 005 | 20241219095953.0 | ||
| 008 | 190617e20180000mx |||||||||||||||||spa|d | ||
| 999 | |c 374634 |d 374632 | ||
| 020 | |a 9786078565696 | ||
| 040 | |c Pontificia Universidad Católica de Valparaíso | ||
| 082 | 0 | 4 | |a 248.29 ALE 2018 |2 21 |
| 100 | 0 | |a Aleixandre Parra, Dolores |e author |9 602938 | |
| 245 | 1 | 0 | |a Relatos desde la mesa compartida. |b Aproximación bíblica y catequética a la Eucaristía |
| 260 | |a Cuernavaca, México |b Obra Nacional de la Buena Prensa A.C |c 2018 | ||
| 300 | |a 169 páginas | ||
| 440 | |a Colección Dolores Aleixandre |9 856750 | ||
| 583 | |a last modification |c 20190719 04:45:04 |k Rodrigo Vera | ||
| 650 | 0 | |a Experiencia religiosa |9 315549 | |
| 650 | 0 | |a Eucaristía |9 257336 | |
| 650 | 0 | |a Contemplación |9 317501 | |
| 852 | |a BIBCUR | ||
| 942 | |c BK |2 ddc | ||
| 945 | |d 20190617 11:18:00 |a dcastane | ||
| 952 | |0 0 |1 0 |2 ddc |3 erb |4 0 |6 248_290000000000000_ALE_2018 |7 0 |8 A |9 493260 |a BIBTEO |b BIBTEO |d 0190-06-07 |e 8 |g 12834.00 |i 5551706 |o 248.29 ALE 2018 |p 5551706 |r 2025-01-17 |v 12834.00 |w 2019-11-24 |y BK |z Catalogado en:20190617 |k ICR | ||